| 000 | 00995aam a2200373a 44500 | ||
|---|---|---|---|
| 008 | 930106s1987 cat | ||
| 017 | _aB-23209-1987 | ||
| 020 | _a8485952677 | ||
| 041 | _acat | ||
| 080 | _a552.31(467.1) | ||
| 100 |
_aVilaplana, Joan Manuel _964174 |
||
| 245 | _aGuia dels paisatges granítics dels Països Catalans | ||
| 245 | _cJoan Manuel Vilaplana | ||
| 260 | _a[S.l.] | ||
| 260 | _bKapel | ||
| 260 | _c1987 | ||
| 300 |
_a182 p. _c20 cm. |
||
| 490 |
_aConèixer la Natura; _v4 |
||
| 500 | _aBibliografia: p. 177-179. Vocabulari: p. 171-175 | ||
| 522 | _aCatalunya | ||
| 591 | _a2963 | ||
| 592 | _aObra terminològica | ||
| 593 | _aCH | ||
| 594 | _a2963 | ||
| 650 |
_agranit _964177 |
||
| 650 |
_apetrologia _962648 |
||
| 650 |
_aroques plutòniques _964176 |
||
| 830 |
_aConèixer la Natura; _v4 _964175 |
||
| 901 | _c<1987> | ||
| 902 | _a930106 | ||
| 942 |
_cMO _2ddc _n0 |
||
| 999 |
_c53604 _d53604 |
||